000 005980000a22001810004500
003 MACL
005 20160405152300.0
008 160405b xxu||||| |||| 00| 0 eng d
040 _aMACL
_cMACL
041 _aHindi
082 _a323
100 _aप्रो लाल बहादुर शर्मा
_950599
245 _aसंविधान और महिला अधिकार
260 _aदिल्‍ली
_bभूषण साहित्‍य केन्‍द्र
_c2012
350 _a550
650 _aमानवाधिकार
_949377
942 _cHIN
_k323
_2ddc
999 _c48087
_d48087